Normal view MARC view
  • ATENCION AL ENFERMO

Entry Materia

Number of records used in: 10

001 - NÚMERO DE CONTROL DEL REGISTRO

  • campo de control: 15363

003 - IDENTIFICADOR DE NUMERO DE CONTROL

  • campo de control: UPN

005 - FECHA Y HORA DE LA ÚLTIMA TRANSACCIÓN

  • campo de control: 20210219193835.0

008 - DATOS DE LONGITUD FIJA

  • campo de control de longitud fija: nabaccnnaabn|||||||||| b |nc|||||d

035 ## - NÚMERO DE CONTROL DEL SISTEMA

  • Número de control del sistema: UPN10000015371

040 ## - FUENTE DE LA CATALOGACIÓN

  • Lengua de catalogación: SPA
  • Agencia de transcripción: UPN

150 ## - ENCABEZAMIENTO - TEMÁTICO

  • Término de materia o nombre geográfico como elemento inicial: ATENCION AL ENFERMO

450 ## - VÉASE - MATERIA

  • Encabezamiento temático: Cuidado del enfermo

450 ## - VÉASE - MATERIA

  • Encabezamiento temático: Enfermo, Cuidado del

450 ## - VÉASE - MATERIA

  • Encabezamiento temático: Pacientes -
  • Subdivisión temática general: Atención

670 ## - FUENTE EN LA QUE SE LOCALIZARON DATOS

  • Cita de la fuente: A/P

902 ## - CATALOGADOR

  • Catalogador: MMA/170510